000 00333pab a2200145 454500
008 180718b1991 xxu||||| |||| 00| 0 eng d
100 _aLuxemburg, Rosa
245 _aDictatorship and democracy
260 _c1991
300 _a25-30
362 _a21 Sept.
650 _aDemocracy - U.S.S.R.
773 _aMainstream
909 _a7248
999 _c7248
_d7248